| 000 | 00632nam a2200205 4500 | ||
|---|---|---|---|
| 001 | 123566 | ||
| 003 | ES-MaACL | ||
| 005 | 20250602063226.0 | ||
| 007 | t| | ||
| 008 | 070214s1963 sp r ||||1| spa d | ||
| 100 | 1 |
_aRahner, Karl, _d1904-1984 _995012 |
|
| 245 | 1 | 0 |
_aLo dinámico en la Iglesia / _cKarl Rahner ; versión española de Alejandro Ros. |
| 260 |
_aBarcelona : _bHerder, _c1963. |
||
| 300 |
_a181 p. ; _c24 cm. |
||
| 490 | 1 | _aQuaestiones disputatae | |
| 700 | 1 |
_aRos, Alejandro. _999564 |
|
| 830 | 0 |
_aQuaestiones disputatae _9186599 |
|
| 852 |
_aES-MaACL _jC-23970 _bR.52741 |
||
| 999 |
_c123566 _d123566 |
||